000 02583cam a22006614i 4500
001 u47701
003 PE-LiUPU
005 20250731170446.0
008 150706s2008 sp a r 000 0 spa d
020 _a8436821947
020 _a9788436821949
035 _a(Sirsi) i9788436821949
040 _aPE-LiUPU
_bspa
_cPE-LiUPU
_dPE-LiUPU
_erda
049 _aPRUA
082 0 4 _a159.942
_bR21
_221
082 0 4 _a159.942
_bR21 2008
100 1 _aRamos Díaz, Natalia Sylvia,
_eautor.
245 1 0 _aSOS maestros del corazón :
_bclaves para salir del sufrimiento /
_cNatalia Sylvia Ramos Díaz.
264 1 _aMadrid :
_b Pirámide,
_c2008.
300 _a110 páginas :
_bilustraciones ;
_c23 centímetros
336 _atext
_2rdacontent
337 _aunmediated
_2rdamedia
338 _avolume
_2rdacarrier
505 0 _aAhora puedes ver con otros ojos -- Entender el sufrimiento -- Aprender con las emociones -- Aprender de los pensamientos -- Aprender de las relaciones -- Aprender comunicando -- Descubrir nuestro camino.
526 _aSEG68
526 _aSEG70
526 _aSEG69
526 _aSEG67
526 _aSEG43
526 _aP144
526 _aP143
526 _aP131
526 _aP122
526 _aP120
526 _aP117
526 _aP112
526 _aP110
526 _aP106
526 _aP101
526 _aP80
526 _aP59
526 _aP54
526 _aP35
526 _aP33
526 _aP30
541 _g001-0030486;
650 0 4 _aEmociones y sentimientos .
650 0 4 _aSufrimiento.
910 _agl
_bjv
_cng
_d20090917
942 _2ddc
_cBOOK
994 _aC0
_bPEPRU
949 _a159.942 R21 2008
_wDEWEY
_c1
_iFT02547
_lCCODEBUT1
_mBUT
_p{Dolar}16.00
_r0
_sY
_tBOOK
_u2015-10-13
_xBIBLIOTECA
_zUNKNOWN
_0COMPRA
_o.STAFF. Colección General Tarapoto
949 _a159.942 R21
_wDEWEY
_c1
_i60419
_d2017-12-3
_e2017-11-19
_f2018-2-11
_g3
_lCCODEBUL1
_mBUL
_n2
_p18.00
_q1
_r0
_sY
_tBOOK
_u2015-7-6
_xSALUD
_PP33
_0COMPRA
_o.STAFF. Colección Ciencias de la Salud
596 _a1 2
999 _a159.942 R21
_wDEWEY
_c49873
_i60419
_d49873
_e2017-11-19
_f2021-11-3
_g7
_lCCODEBUL1
_mBUL
_n2
_p18.00
_q1
_r0
_sY
_tBOOK
_u2015-7-6
_xSALUD
_zP33
_0COMPRA
_o.STAFF. Colección Ciencias de la Salud
999 _a159.942 R21 2008
_wDEWEY
_c1
_iFT02547
_d2018-10-24
_e2018-10-23
_f2019-2-20
_g1
_lCCODEBUT1
_mBUT
_n7
_p16.00
_r0
_sY
_tBOOK
_u2015-10-13
_xBIBLIOTECA
_zUNKNOWN
_0COMPRA
_o.STAFF. Colección General
980 _81
_gALBERTO SANCHEZ Responsable de Automatización